Actors by Movies #1 - Statistics

General Stats
  • This quiz has been taken 156 times
  • The average score is 8 of 15
Answer Stats
Movies Actor % Correct
Catch Me If You Can, The Aviator, Inception Leonardo DiCaprio
88%
Pulp Fiction, Do the Right Thing, The Avengers Samuel L. Jackson
85%
Walk the Line, Her, Joker Joaquin Phoenix
79%
Ray, Django Unchained, Baby Driver Jamie Foxx
76%
The Graduate, Rain Man, Kramer vs. Kramer Dustin Hoffman
74%
Julius Caesar, On The Waterfront, The Godfather Marlon Brando
72%
Roman Holiday, To Kill A Mockingbird, The Omen Gregory Peck
51%
One Flew Over the Cuckoo's Nest, Batman Returns, Mathilda Danny Devito
50%
The Hunt for Red October, Star Wars, The Lion King James Earl Jones
49%
Platoon, The Last King of Scotland, Black Panther Forest Whitaker
47%
The Pianist, Midnight In Paris, The Darjeeling Limited Adrien Brody
46%
Zulu, The Dark Knight, Inception Michael Caine
45%
Slumdog Millionaire, The Best Exotic Marigold Hotel, Lion Dev Patel
32%
Lawrence of Arabia, Doctor Zhivago, Funny Girl Omar Sharif
31%
Top Hat, Funny Face, Easter Parade Fred Astaire
18%
No matching quizzes found
Score Distribution
Percent of People with Each Score
Percentile by Number Answered
Your Score History
You have not taken this quiz